000 00810nam a2200181 4500
001 2029734
003 AM-YEHGA
005 20251121084554.0
008 250901s1922 ru ||||| |||| 00| 0 rus d
040 _aAM-YEHGA
041 0 _arus
245 0 0 _aЖелезнодорожный и водный транспорт в 1921-1922 гг. :
_b(Отчет НКПС ко 2-му Всерос. съезду объединенного союза работников железнодорожного и водного транспорта) /
_cР.С.Ф.С.Р. Нар. ком. пут. сообщ.
260 _aМосква :
_b[б. и.],
_c1922
300 _a158, II с.,
_b2 л. табл.
650 1 4 _aЖелезнодорожный транспорт
650 1 4 _aВодный транспорт
942 _2udc
_cBK
999 _c536785
_d536785